| 000 | 00745nam a2200181Ia 4500 | ||
|---|---|---|---|
| 008 | 151202s9999||||xx |||||||||||||| ||und|| | ||
| 082 | _bPNVM-35862 | ||
| 100 | _aचान्सरकर मुसूदन. | ||
| 245 | _aसप्तसागरातील श्रीलंकेचा शोध. | ||
| 260 | _b"वसुाा प्रकाशन ,नागपुर." | ||
| 260 | _c1984 | ||
| 300 | _a92 | ||
| 600 | _aचान्सरकर मुसूदन. | ||
| 630 | _aसप्तसागरातील श्रीलंकेचा शोध. | ||
| 700 | _aचान्सरकर मुसूदन. | ||
| 730 | _aसप्तसागरातील श्रीलंकेचा शोध. | ||
| 942 | _cBOOK | ||
| 999 |
_c1301815 _d1301812 |
||